00588nam a2200169 i 450000100060000000300090000600500170001500700030003200800410003510000240007624500780010026000580017830000200023685200230025699900170027995201220029690715ES-MaACL20230906180537.0t|050124s1922 fr ||||1| fre d1 aLeclercq, H.97109310aHistoire de la regence pendant la minorité de Louis XV / cH. Leclercq. aParís : b[s.n., c1922] (eAngers : fF. Gaulther) a3 v. ; c26 cm. aES-MaACLjC-3137-9 c90715d90715 00104070aATENEOMbATENEOMcSPALd2008-01-17eSCl0oC-3137-9p1094720r2023-02-23 00:00:00w2023-02-23yMONOGRAFIA